000 00303nam a2200133Ia 4500
008 190216s9999||||xx |||||||||||||| ||und||
100 _aRobert Resnick & David Halliday
245 0 _aPhysics
250 _a1st Ed.
260 _bToppan Co
_c1966
300 _a800
650 _aPhysics
942 _cBK
999 _c32753
_d32753